| 000 | 00540nam a2200205Ia 4500 | ||
|---|---|---|---|
| 003 | OSt | ||
| 005 | 20221007082033.0 | ||
| 006 | a|||||r|||| 00| 0 | ||
| 007 | ta | ||
| 008 | 221006b |||||||| |||| 00| 0 eng d | ||
| 024 | _a7,668 | ||
| 037 | _cTextual | ||
| 040 |
_aFLL _cFLL _beng |
||
| 041 |
_2eng _aeng |
||
| 082 | _aZaN7, K7.2 | ||
| 245 | 0 | _aAssociation of amercian law schools | |
| 260 |
_aU.S.A. _bAM-PM publishing and reprinting co. U.S.A _c1967 |
||
| 942 |
_hZaN7, K7.2 _cTEXL _2CC |
||
| 999 |
_c1165116 _d1165116 |
||